000 01251caa a2200277 ib4500
003 SA-RiAUC
005 20250818061203.0
008 250801s2012 ku g f000 0 ara c
040 _aSA-JeALM
_bara
_erda
082 0 4 _a252.5
_qSA-RiAUC
090 _a252.5
_bع ب د ر
100 1 _aعبد ربه، محسن عبد المعطي محمد،
_d1961-
_eمؤلف.
245 1 0 _aندوة الحج /
_bمسيرة وعطاءات
_cمحسن عبد ربه.
246 3 7 _aخواطر
264 _aمكة المكرمة :
_bوزارة الحج.
_c2012
300 _aبدون ترقيم صفحات؛
_c22 سم.
336 _aنص
_btxt
_2rdacontent
_3كتاب
337 _aبدون وسيط
_bn
_2rdamedia
338 _aمجلد
_bnc
_2rdacarrier
520 0 _aحوار عائلي عن الحج.
650 7 _aالحج
_vمقالات ومحاضرات
_2aucsh
773 0 _tالوعي الإسلامي : إسلامية ثقافية شهرية / تصدرها وزارة الأوقاف ؛ رئيس التحرير عبد المنعم النمر.
_wAUC_OC_50595
_gس. 49، ع. 568 (ذو الحجة 1433 هـ. = أكتوبر / نوفمبر 2012)، ص. 78
856 4 _uMAGAZINES/WAEY/502
942 _2ddc
_cBOOK
_n0
949 _aSA-JeALM
_d250801
_umohamedma123
_n1
999 _c10917
_d10917